| 000 | 02092 a2200241 4500 | ||
|---|---|---|---|
| 001 | 3447 | ||
| 005 | 20260407155429.0 | ||
| 008 | 260407a2011 arg spa d | ||
| 003 | AR-UNSa-BCEJYS | ||
| 040 |
_aAR-UNSa-BCEJYS _bspa _cAR-UNSa-BCEJYS |
||
| 080 |
_a330.101.541 _xMacroeconomía |
||
| 245 | 1 | 0 |
_aMacroeconomía _paplicaciones para Latinoamérica |
| 020 | _a978-987-615-130-6 | ||
| 250 | _a2a. ed. | ||
| 264 | 1 |
_aBuenos Aires : _bPearson Educación _c2011 |
|
| 300 |
_axxxii, 861 p. _c27 cm. |
||
| 505 | _a1. Una gira por el mundo - 2. Una gira por el libro - 3. El mercado de bienes - 4. Los mercados financieros - 5. Los mercados de bienes y financieros: el modelo IS y LM - 6. El mercado del trabajo - 7. Análisis conjunto de todos los mercados: el modelo OA-DA - 8. La tasa natural de desempleo y curva de Phillips - 9. La inflación, la actividad económica y el crecimiento de la cantidad nominal de dinero - 10. Los hechos del crecimiento - 11. El ahorro, la acumulación de capital y la producción - 12. El progreso tecnológico, el crecimiento y el desarrollo - 13. El progreso tecnológico, los salarios y el desempleo - 14. Las expectativas: los instrumentos básicos - 15. Los mercados financieros y las expectativas - 16. Las expectativas, el consumo y la inversión - 17. Las expectativas, la producción y la política macroeconómica - 18. La apertura de los mercados de bienes y financieros - 19. El mercado de bienes en una economía abierta - 20. La producción, el tipo de interés y el tipo de cambio - 21. Los sistemas de tipo de cambio - 22. Las depresiones y las crisis - 23. La inflación alta - 24. ¿Deben imponerse limitaciones a las autoridades económicas? - 25. La política monetaria: recapitulación - 26. La política fiscal: recapitulación - 27. Epílogo: la historia de la macroeconomía | ||
| 942 | _cBK | ||
| 590 | _aniveau_biblio:m niveau_hierar:0 | ||
| 100 | 1 | _aBlanchard, Olivier | |
| 700 | 1 | _aPérez Enrri, Daniel | |
| 856 | 4 | 1 |
_uhttps://biblioeco.unsa.edu.ar/pmb/images/libros/Macroeconomia-l118338.jpg _yImagen de portada _qimage/jpeg |
| 999 |
_c334 _d334 |
||